Herbs and Spices by Images - Statistics

General Stats
  • This quiz has been taken 76 times
  • The average score is 10 of 16
Answer Stats
Picture Answer % Correct
Cinnamon
98%
Saffron
87%
Rosemary
85%
Lavender
83%
Nutmeg
75%
Parsley
75%
Dill
72%
Star Anise
72%
Clove
70%
Turmeric
65%
Cumin
57%
Sage
57%
Cardamom
55%
Bay leaves
52%
Lemon Grass
23%
Asafoetida
2%
No matching quizzes found
Score Distribution
Percent of People with Each Score
Percentile by Number Answered
Your Score History
You have not taken this quiz